Nadie es soldado al nacer (Libro Segundo)

Sparad:
Bibliografiska uppgifter
Huvudupphovsman: Simonov, Konstantin
Materialtyp: Bok
Språk:Undetermined
Publicerad: Moscú, Rusia Progreso [s.f.]
Upplaga:3
Ämnen:
Taggar: Lägg till en tagg
Inga taggar, Lägg till första taggen!

MARC

LEADER 00000nam a2200000Ia 4500
008 170316s9999 xx 000 0 und d
040 |a cru BVZT 
090 |a 891 S-4n 
100 |a Simonov, Konstantin 
245 |a Nadie es soldado al nacer (Libro Segundo) 
250 |a 3 
260 |a Moscú, Rusia 
260 |b Progreso 
260 |c [s.f.] 
300 |a 414 páginas 
650 |a LITERATURA RUSA 
999 |c 12096  |d 12096 
942 |c 15 D  |h 891 S-4n  |2 z